| 000 | 00603nam a22001817a 4500 | ||
|---|---|---|---|
| 999 |
_c192321 _d192321 |
||
| 005 | 20220919124039.0 | ||
| 010 | _aENG-135122 | ||
| 020 |
_a9789387253070 _c180.00 |
||
| 035 | _aEN-118654 | ||
| 037 | _bDBAD / PUB | ||
| 082 | _a352.0070954 | ||
| 100 | _aPankaj Singh | ||
| 245 |
_aRural Local Goverrnment in India: _bA Study of panchayat raj/ _cPankaj singh |
||
| 260 |
_aAllahabad _bKitab Mahal _c2018 |
||
| 270 |
_a18-B Nyaya Marg,Ashok Nagar _bAllahabad _e211001 _k0532-2424154 _minfo@kitabmahalpublishers.com |
||
| 300 |
_a200p. _c21cm(pbk) |
||
| 942 |
_2ddc _cEN _mPAN _h352.0070954 |
||